000 00600nam a22001817a 4500
008 100323t xxu||||| |||| 00| 0 eng d
020 _a9788184323437
082 _222
_a005.453
_bPUN
100 _913035
_aPuntambekar, Anuradha A.
245 _aPrinciples of compiler design /
_bAnuradha A. Puntambeker.
250 _a2nd ed.
_bRevised ed.
260 _aPune;India:
_bTechnical publications,
_cc.[2008].
300 _a1Vol.:
_bill;
_c25 cm.
500 _aRevised ed. 2008.
650 _aCompilers (Computer programs)
_913036
650 _aComputer systems Compilers Design
_913037
942 _2ddc
_cBB
999 _c13758
_d13758